| 000 | 00818nas a2200265 4500 | ||
|---|---|---|---|
| 001 | BR0807328 | ||
| 003 | BR-BrBNA | ||
| 005 | 20231205112228.0 | ||
| 007 | ta | ||
| 008 | 230509b bl.|||p| |||| 00| 00por d | ||
| 040 |
_aBR-BrBNA _bpor _cBiblioteca Nacional de Agricultura |
||
| 041 | _a(Pt) | ||
| 072 | _aF61 | ||
| 100 | 1 | _aLima, R. de L.S. de | |
| 100 | 1 | _aFerreira, G.B. | |
| 100 | 1 | _aWeber, O.B. | |
| 100 | 1 | _aCazetta, J.O. | |
| 245 | 1 | _aDiagnose foliar da gravioleira (Annona muricata L.): Efeito da posição de ramos e folhas | |
| 650 | _aGRAVIOLA | ||
| 650 | _aANÁLISE FOLIAR | ||
| 650 | _aESTADO NUTRICIONAL | ||
| 773 | 0 |
_tCiência e Agrotecnologia (Brazil) _xISSN 1413-7054 _g(Sep-Oct 2007), v. 31(5) p. 1320-1325 _wBR0807328 |
|
| 909 |
_a202311 _bLúcia _c55 _dLúcia Elande |
||
| 942 |
_2AGRIS _n0 _cANA |
||
| 999 |
_c196857 _d196857 |
||